000 00670nam a22001817a 4500
003 UA-OsUOA
001 18785
007 ta
008 20040612b un ||||| |||| 00| 0 ukr d
100 _aГерус В.
942 _cSA
040 _aUA-OsUOA
_cUA-OsUOA
_dUA-OsUOA
245 _aРодинна палата
_bвперше обладнана за євростандартом у [Рівнен.] центр. міськ. лікарні за кошти сім'ї Пивоварчуків-Самсонюків
300 _aС.19
955 _a0
773 0 _w0
_tСім днів
_dРівне
_d2004
_g№22/28 трав./
650 7 _aКраєзнавча робота
_2UDC
999 _c304956
_d304956